Python Programming/ (Record no. 186235)

MARC details
000 -LEADER
fixed length control field 00728nam a22002297a 4500
005 - DATE AND TIME OF LATEST TRANSACTION
control field 20220218101404.0
010 ## - LCCN (DPL NO)
LC control number ENG-131666
020 ## - INTERNATIONAL STANDARD BOOK NUMBER
International Standard Book Number 9788195391738
Terms of availability 999.00
035 ## - SYSTEM CONTROL NUMBER
System control number EN-115198
037 ## - SOURCE OF ACQUISITION
Source of stock number/acquisition DBAD
082 ## - DEWEY DECIMAL CLASSIFICATION NUMBER
Classification number 005.133
100 ## - MAIN ENTRY--PERSONAL NAME
Personal name Patra, P. Santosh Kumar
245 ## - TITLE STATEMENT
Title Python Programming/
Statement of responsibility, etc P. Santosh Kumar Patra et.al.
260 ## - PUBLICATION, DISTRIBUTION, ETC. (IMPRINT)
Place of publication, distribution, etc Hyderabad
Name of publisher, distributor, etc StudentsHelpline Publishing House Pvt. Ltd.
Date of publication, distribution, etc 2020
270 ## - ADDRESS
Address # 326/C, Level-2, Surneni Nilayam Near B K Guda Park, S R Nagar
City Hyderabad
Postal code 500038
300 ## - PHYSICAL DESCRIPTION
Extent xxviii, 636p.
Dimensions 24cm(pbk)
700 ## - ADDED ENTRY--PERSONAL NAME
Personal name Parveen, Zaheda
700 ## - ADDED ENTRY--PERSONAL NAME
Personal name Rajalingam, B.
700 ## - ADDED ENTRY--PERSONAL NAME
Personal name Satheesh, N.
700 ## - ADDED ENTRY--PERSONAL NAME
Personal name Poongothai, T.
942 ## - ADDED ENTRY ELEMENTS (KOHA)
Source of classification or shelving scheme Dewey Decimal Classification
Item type English Books
Classification part 005.133
Call number suffix PAT
Holdings
Withdrawn status Lost status Not for loan Collection code Home library Current library Date acquired Source of acquisition Cost, normal purchase price Full call number Barcode Copy number Cost, replacement price Koha item type
      Non-fiction Patel Nagar Patel Nagar 18/02/2022 DBAD/PUB 999.00 005.133 PAT EN-115198 1 999.00 English Books

© Delhi Public Library
Hit Counter
free hit counter